La gobernanza del territorio cooperacin̤ interadministrativa, participacin̤ ciudadana y derechos de las minora̕s /

Bibliographic Details
Main Author: Agudo Gonzl̀ez, Jorge
Format: eBook
Language:Spanish
Published: Barcelona: J.M. Bosch Editor, 2021
Subjects:
Online Access:Acceso restringido

MARC

LEADER 00000nam a22000007a 4500
005 20220517211157.0
007 cr|||| ||||
008 220517s2021 es |||||s|||| 00||0 spa d
020 |a 978-84-123917-1-8 
035 |a 35647 
040 |a vLex 
090 |c 13351  |d 13351 
100 1 |a Agudo Gonzl̀ez, Jorge 
245 1 2 |a La gobernanza del territorio  |h [Recurso electrn̤ico] :  |b cooperacin̤ interadministrativa, participacin̤ ciudadana y derechos de las minora̕s /  |c Jorge Agudo Gonzl̀ez 
256 |a Servicio en ln̕ea 
260 |a Barcelona:  |b J.M. Bosch Editor,  |c 2021 
300 |a 1 recurso electrn̤ico 
500 |a En esta obra se recogen los resultados del I Congreso de la Red Internacional Latinoamřica-Unin̤ Europea de Estudios Urbans̕ticos Territoriales y Ambientales, organizado por el Centro de Estudios ±Pablo de Olavide» de la Universidad Autn̤oma de Madrid los da̕s 18 y 19 de febrero de 2021. El libro incorpora contribuciones procedentes de Europa continental (Alemania, Italia, Portugal y Espaą), as ̕como de Iberoamřica (Mx̌ico, Colombia, Brasil, Per,︢ Argentina y Chile). Desde la vertiente temt̀ica, el libro recoge distintos anl̀isis ordenados en tres grupos temt̀icos, acerca de problemas jurd̕icos, sociales y econm̤icos que presenta la gobernanza del territorio en la realidad europea y latinoamericana. En primer lugar, se incluyen varios estudios sectoriales sobre cooperacin̤ interadministrativa y delimitacin̤ competencial entre los distintos niveles administrativos. En segundo lugar, se recogen varias participaciones que abordan la trascendencia de la ordenacin̤ del territorio en la proteccin̤ de poblaciones vulnerables, as ̕como en la defensa de los derechos de las minora̕s. Por l︢timo, se incluye una tercera parte con trabajos comparados dedicados a la participacin̤ ciudadana en la gobernanza del territorio, como mecanismo de proteccin̤ de los intereses colectivos y generales en los procesos territoriales. 
506 1 |a Disponible solo en los productos indicados  |d vLex Global  |d vLex Global (Academic Edition, excluding Law Schools)  |d vLex Global (U.S. Academic Edition, Law Schools)  |d vLex Global (U.S. Academic Edition, excluding Law Schools)  |d vLex Global (Academic Edition, Law Schools) 
650 0 4 |a Derecho Constitucional  |z Espaą 
740 0 |a vLex Libros (Servicio en ln̕ea) 
856 4 0 |u https://app.vlex.com/#/sources/35647  |z Acceso restringido 
942 |c BOOK 
999 0 |a Constitutional right